000 01929nam a2200421 c 4500
003 BLK
005 20240611090219.0
008 180412b bul|||||r ||||||| ||bul||
010 _aKNG00012177000
020 _a954-8010-61-5
_bиздат.: ГАЛ-ИКО
040 _aBLK
041 _aBUL
_cBUL
080 _aЛиберални партии
_b329.12
_x
_z329.12
080 _aДемокрация
_b321.7
_x.01(4-11)
_z321.7.01(4-11)
100 1 _aШацки, Йежи
_eпърви автор
_9255758
700 _aДеянова, Вера Деянова
_d1946
_gБългарска филология и история. Преводач от/на полски език.
_9247273
700 1 _aТомов, Валентин Т.
_eпрев. от пол.
_9364419
139 _aШацки, Йежи
_bШ 42
245 1 0 _aЛиберализъм след комунизма
_cЙежи Шацки; прев. от пол. Вера Деянова Деянова; прев. от пол. Валентин Т. Томов.
257 _aPOL
260 София
_bГАЛ-ИКО
_c1996
300 _a317 с.
_c20 см
380 _a3
490 1 _aБиблиотека Politeia
500 _aОриг. загл. Liberalizm po komunizmie / Jerzy Szacki. - Библиогр. под линия ; Именен показалец.
650 4 _aЛиберализъм
_9160399
650 4 _aПреход от тоталитаризъм към демокрация - източноевропейски страни
_9255759
651 4 _aИзточна Европа
_9248919
653 _aлиберализъм
653 _aпреходно общество
653 _aИзточна Европа
852 _aЦб 188640
856 4 _qpdf
_u
856 4 _qpdf
_u
942 _cKNG
_n0
944 _aCR
_c15.01.2003
_k30560
_lГеновева Генчева
944 _aED
_c23.10.2015
_kМилена_Ачева
999 _c10676
_d10676